Top 50 Countries by GDP - In Order - Statistics

General Stats
  • This quiz has been taken 94 times
  • The average score is 30 of 50
Answer Stats
GDP (US dollars) Countries % Correct
18.2 Trillion C China
100%
3.2 Trillion F France
100%
4.7 Trillion G Germany
100%
4.1 Trillion J Japan
100%
3.6 Trillion U United Kingdom
99%
29.1 Trillion U United States
99%
2.2 Trillion B Brazil
97%
3.9 Trillion I India
97%
2.2 Trillion R Russia
97%
2.4 Trillion I Italy
94%
2.2 Trillion C Canada
93%
1.4 Trillion I Indonesia
87%
1.8 Trillion M Mexico
85%
1.9 Trillion S South Korea
81%
1.8 Trillion A Australia
79%
1.3 Trillion T Turkey
78%
1.2 Trillion N Netherlands
76%
863 Billion P Poland
75%
1.7 Trillion S Spain
75%
1.1 Trillion S Saudi Arabia
66%
942 Billion S Switzerland
64%
545 Billion U United Arab Emirates
63%
604 Billion A Argentina
60%
662 Billion B Belgium
60%
609 Billion S Sweden
60%
775 Billion T Taiwan
57%
536 Billion A Austria
55%
561 Billion I Ireland
55%
468 Billion V Vietnam
55%
504 Billion N Norway
48%
529 Billion T Thailand
48%
412 Billion D Denmark
42%
470 Billion P Philippines
42%
530 Billion S Singapore
42%
434 Billion I Iran
37%
528 Billion I Israel
37%
306 Billion F Finland
36%
417 Billion C Colombia
34%
380 Billion E Egypt
34%
440 Billion M Malaysia
34%
293 Billion K Kazakhstan
31%
375 Billion P Pakistan
28%
283 Billion P Peru
28%
303 Billion P Portugal
28%
381 Billion R Romania
27%
451 Billion B Bangladesh
25%
329 Billion C Chile
25%
343 Billion C Czech Republic
25%
264 Billion I Iraq
25%
403 Billion S South Africa
25%
No matching quizzes found
Score Distribution
Percent of People with Each Score
Percentile by Number Answered
Your Score History
You have not taken this quiz